Quantitative methods in economics (Record no. 395927)

MARC details
000 -LEADER
fixed length control field 00596 a2200205 4500
005 - DATE & TIME
control field 20260217111257.0
008 - FIXED-LENGTH DATA ELEMENTS--GENERAL INFORMATION
fixed length control field 260217b |||||||| |||| 00| 0 eng d
020 ## - ISBN
International Standard Book Number 9788119925063
Price Rs. 1895.00
040 ## - CATALOGING SOURCE
Original cataloging agency VIVEKANANDA LIBRARY
082 ## - DDC NUMBER
Classification number 330.0151
Book Number B469Q
100 ## - MAIN ENTRY--PERSONAL NAME
Personal name Bhinchar, Randheer Singh
245 ## - TITLE STATEMENT
Title Quantitative methods in economics
260 ## - PUBLICATION, DISTRIBUTION, ETC. (IMPRINT)
Name of publisher, distributor, etc Wisdom Press
Date of publication, distribution, etc 2026
Place of publication, distribution, etc New Delhi
300 ## - PHYSICAL DESCRIPTION
Pages x, 265
650 ## - Subject
Subject Economics- Statistical Methods
650 ## - Subject
Subject Economics- Mathematical Models
650 ## - Subject
Subject Economic Forcasting- Statistical Methods
700 ## - Added Entry Personal Name
Added Entry Personal Name Girdhar, Neha
942 ## - ADDED ENTRY ELEMENTS (KOHA)
Koha item type Books
Holdings
Withdrawn status Lost status Source of classification or shelving scheme Damaged status Not for loan Location (home branch) Sublocation or collection (holding branch) Shelving location Date acquired Koha issues (times borrowed) Koha full call number Accession No. Koha date last seen Koha item type
    Dewey Decimal Classification     VIVEKANANDA LIBRARY VIVEKANANDA LIBRARY Vivekananda Library 22/01/2026   330.0151 B469Q 444544 22/01/2026 Books
    Dewey Decimal Classification     VIVEKANANDA LIBRARY VIVEKANANDA LIBRARY Vivekananda Library 22/01/2026   330.0151 B469Q 444546 22/01/2026 Books
    Dewey Decimal Classification     VIVEKANANDA LIBRARY VIVEKANANDA LIBRARY Vivekananda Library 22/01/2026   330.0151 B469Q 444545 22/01/2026 Books
© Designed and Maintained by Vivekananda Library, MDU Rohtak